Principles of the Solid State / (Record no. 367)
[ view plain ]
| 000 -LEADER | |
|---|---|
| fixed length control field | 00502nam a22001937a 4500 |
| 003 - CONTROL NUMBER IDENTIFIER | |
| control field | OSt |
| 005 - DATE AND TIME OF LATEST TRANSACTION | |
| control field | 20210510151944.0 |
| 008 - FIXED-LENGTH DATA ELEMENTS--GENERAL INFORMATION | |
| fixed length control field | 160126b xxu||||| |||| 00| 0 eng d |
| 020 ## - INTERNATIONAL STANDARD BOOK NUMBER | |
| International Standard Book Number | 8122404669 |
| 040 ## - CATALOGING SOURCE | |
| Transcribing agency | MMU |
| Original cataloging agency | MMU |
| Language of cataloging | eng |
| Modifying agency | MMU |
| 050 ## - LIBRARY OF CONGRESS CALL NUMBER | |
| Classification number | QC179 |
| Item number | .P67 1993 |
| 100 ## - MAIN ENTRY--PERSONAL NAME | |
| Personal name | Keer H.V. |
| 245 ## - TITLE STATEMENT | |
| Title | Principles of the Solid State / |
| Statement of responsibility, etc. | H.V. Keer. |
| 260 ## - PUBLICATION, DISTRIBUTION, ETC. (IMPRINT) | |
| Place of publication, distribution, etc. | New Delhi : |
| Name of publisher, distributor, etc. | New Age, |
| Date of publication, distribution, etc. | 1993. |
| 300 ## - PHYSICAL DESCRIPTION | |
| Extent | 379 p. : |
| 500 ## - GENERAL NOTE | |
| General note | Includes index |
| 650 ## - SUBJECT ADDED ENTRY--TOPICAL TERM | |
| Topical term or geographic name as entry element | Bonding and structure |
| 942 ## - ADDED ENTRY ELEMENTS (KOHA) | |
| Source of classification or shelving scheme | Library of Congress Classification |
| Koha item type | L |
| Withdrawn status | Lost status | Source of classification or shelving scheme | Damaged status | Not for loan | Home library | Current library | Date acquired | Source of acquisition | Cost, normal purchase price | Total Checkouts | Full call number | Barcode | Date last seen | Price effective from | Koha item type | Cost, replacement price |
|---|---|---|---|---|---|---|---|---|---|---|---|---|---|---|---|---|
| Library of Congress Classification | Maasai Mara University Library -Main Campus | Maasai Mara University Library -Main Campus | 01/26/2016 | Purchased | 430.00 | QC176 .P67 1993 | 20104643 | 01/26/2016 | 01/26/2016 | L | ||||||
| Library of Congress Classification | Maasai Mara University Library -Main Campus | Maasai Mara University Library -Main Campus | 05/10/2016 | Purchased | 430.00 | QC176 .P67 1993 | 20104644 | 05/10/2016 | 05/10/2016 | SL | 2016.00 |